[Event "Condino op"]
[Site "Condino"]
[Date "2009.07.29"]
[Round "4"]
[White "Bouanani, Denis"]
[Black "Menon, Michele"]
[Result "1/2-1/2"]
[WhiteElo "1533"]
[BlackElo "1741"]
[PlyCount "80"]
[EventDate "2009.07.27"]
[EventType "swiss"]
[EventRounds "7"]
[EventCountry "ITA"]
[SourceTitle "CBM 131 Extra"]
[Source "ChessBase"]
[SourceDate "2009.09.03"]
[SourceVersion "2"]
[SourceVersionDate "2009.09.16"]
[SourceQuality "1"]

1. d4 d6 2. c4 g6 3. Nc3 Bg7 4. Nf3 Nf6 5. e4 0-0 6. Be2 e5 7. 0-0 exd4 8. Nxd4 Nbd7 9. f3 Nc5 10. Be3 Ne6 11. Kh1 Nh5 12. Qd2 a6 13. Rac1 Bd7 14. Rfd1 Qh4 15. Nxe6 Bxe6 16. Bg5 Ng3+ 17. Kg1 Bd4+ 18. Qxd4 Nxe2+ 19. Nxe2 Qxg5 20. Nc3 c6 21. b3 b5 22. cxb5 axb5 23. Kh1 c5 24. Qxd6 Rad8 25. Qg3 Rxd1+ 26. Rxd1 Qe3 27. Nxb5 Qe2 28. Nc3 Qe3 29. Nd5 Qe2 30. Qe1 Qxa2 31. Qc3 Bxd5 32. exd5 Qe2 33. Qd3 Qf2 34. d6 Re8 35. h3 Re1+ 36. Rxe1 Qxe1+ 37. Kh2 Qe5+ 38. Kg1 Qe1+ 39. Qf1 Qd2 40. Qa6 Qe1+ 1/2-1/2